000 00629nam a2200217 i 4500
001 C2-0316664
003 PPAK
005 20180728112737.0
008 120806s1991 my |||| ||||| | may d
040 _aPPAK
_beng
_cPPAK
_erda
082 0 4 _a334.09595112
_223
090 0 0 _a334.09595112
_bMES
_dKSS
245 0 0 _aMesyuarat agung tahunan ke 37
264 1 _aAlor Setar, Kedah :
_bKoperasi Pegawai-pegawai Kerajaan Negeri Kedah ,
_c1991
300 _a95 pages ;
_c30 cm.
336 _2rdacontent
_atext
337 _2rdamedia
_aunmediated
338 _2rdacarrier
_avolume
650 1 0 _aCooperative societies
942 _ddc
_cB
999 _c117786
_d117786